000 00631nam a22001697a 4500
999 _c15066
_d15066
003 OSt
082 _2631.56 BEE/DE
088 _aP 132
100 _aBEENA GEORGE L
_aDEEPU D. S
_aKARTHIKA KAIMAL
_92467
245 _aDevelopment and evaluation of an inclined draper
260 _aTavanur 2003
_bKelappaji College of Agricultural Engineering and Technology
300 _a45
500 _aDevelopment and evaluation of an inclined draper
520 _ainclined draper for cleaning and separating grains . KCAET product. the machine consists two rollers, a rubber belt ...
700 _aDr. Sudheer K. P (Guide)
_92147
942 _cPR